Psychopathologie de l'enfant (notice n° 1566877)

détails MARC
000 -LEADER
fixed length control field 01324cam a2200133 4500500
005 - DATE AND TIME OF LATEST TRANSACTION
control field 20251214002413.0
041 ## - LANGUAGE CODE
Language code of text/sound track or separate title fre
042 ## - AUTHENTICATION CODE
Authentication code dc
100 10 - MAIN ENTRY--PERSONAL NAME
Personal name Gueniche, Karinne
Relator term author
245 00 - TITLE STATEMENT
Title Psychopathologie de l'enfant
260 ## - PUBLICATION, DISTRIBUTION, ETC.
Name of publisher, distributor, etc. Armand Colin,<br/>
Date of publication, distribution, etc. 2016.<br/>
520 ## - SUMMARY, ETC.
Summary, etc. La psychopathologie de l’enfant a pour objet d’étude les formes spécifiques que revêt la souffrance psychique de l’enfant, à travers une symptomatologie très variée, à la lumière de ses interactions avec son environnement et de ses capacités d’évolution.Cet ouvrage propose une synthèse de la psychopathologie infantile (de la naissance à 10-12 ans) selon une triple démarche qui vise à définir, décrire et interpréter. Il retrace les phases essentielles du développement de l’enfant dans ses dimensions motrice, cognitive et affective, et présente les principales catégories de troubles infantiles ainsi que les grands regroupements nosographiques.Issu de l’expérience clinique de l’auteur, l’ouvrage, réactualisé dans cette 4e édition, répond aux besoins de tous ceux qui, dans le cadre de leurs études ou professions, sont concernés par ces troubles spécifiques de l’enfant.
856 41 - ELECTRONIC LOCATION AND ACCESS
Uniform Resource Identifier <a href="https://shs.cairn.info/psychopathologie-de-l-enfant--9782200613167?lang=fr&redirect-ssocas=7080">https://shs.cairn.info/psychopathologie-de-l-enfant--9782200613167?lang=fr&redirect-ssocas=7080</a>

Pas d'exemplaire disponible.

PLUDOC

PLUDOC est la plateforme unique et centralisée de gestion des bibliothèques physiques et numériques de Guinée administré par le CEDUST. Elle est la plus grande base de données de ressources documentaires pour les Étudiants, Enseignants chercheurs et Chercheurs de Guinée.

Adresse

627 919 101/664 919 101

25 boulevard du commerce
Kaloum, Conakry, Guinée

Réseaux sociaux

Powered by Netsen Group @ 2025